| 000 | 00603nam a2200205Ia 4500 | ||
|---|---|---|---|
| 003 | GCL | ||
| 008 | 140319s9999 xx 000 0 ara d | ||
| 040 |
_aGCL / _cGCL |
||
| 082 | 0 | 4 |
_a823.009 _bا ص |
| 100 | 1 | _aمحمد فتحى | |
| 245 | 1 | 0 |
_aالصوت المنفرد مقالات فى القصة القصيرة / _cمحمد فتحى |
| 700 | 1 | _aاوكونور , فرانك | |
| 700 | 1 | _aمحمود الربيعى (مترجم) | |
| 300 | _a185 ص | ||
| 490 | _a | ||
| 650 | 0 | 4 | _aالادب العربى |
| 650 | 0 | 4 | _aالقصص العربية |
| 650 | 0 | 4 | _aالمقالات |
| 942 |
_2ddc _cBK |
||
| 999 |
_c40085 _d40085 |
||